000
00222nam a22000857a 4500
008
160916b xxu||||| |||| 00| 0 eng d
100
_9
615
_a
Murthi.A.
245
_a
Grammar Magic-4
260
_a
New Delhi
_b
M.E.B. Publications
_c
2012
999
_c
3274
_d
3274